Problemática del lenguaje: presupuestos para su enseñanza en la escuela media

El libro presenta algunos aspectos que aparecen como presupuestos de una metodología de la enseñanza del lenguaje, valores que el profesor debe poner en juego cuando hace el planteamiento de la enseñanza de su asignatura.

محفوظ في:
التفاصيل البيبلوغرافية
المؤلف الرئيسي: Lazzarini, José Luis
مؤلفون آخرون: Losada, Alejandro, Palma de Carpineti, Rosa
التنسيق: كتاب
اللغة:Spanish
منشور في: Buenos Aires: Editorial Guadalupe, 1966
سلاسل:Biblioteca pedagógica; No. 2
الموضوعات:
الوصول للمادة أونلاين:Enlace del recurso
الوسوم: إضافة وسم
لا توجد وسوم, كن أول من يضع وسما على هذه التسجيلة!

MARC

LEADER 00000nam a2200000 a 4500
001 000889
008 030415s1996 ag # fr# #000|0#spa#d
041 0 |a spa 
043 |a s-ag--- 
082 0 4 |a 373.2  |b L199p 
100 1 |a Lazzarini, José Luis 
245 1 0 |a Problemática del lenguaje:  |b presupuestos para su enseñanza en la escuela media   |c José Luis Lazzarini, Alejandro Losada, Rosa Palma de Carpineti 
260 |a Buenos Aires:  |b Editorial Guadalupe,  |c 1966 
300 |a 259 p. 
440 0 |a Biblioteca pedagógica;  |v No. 2 
504 |a Incluye bibliografía. 
520 3 |a El libro presenta algunos aspectos que aparecen como presupuestos de una metodología de la enseñanza del lenguaje, valores que el profesor debe poner en juego cuando hace el planteamiento de la enseñanza de su asignatura. 
650 1 4 |a ENSEÑANZA DEL LENGUAJE  |z ARGENTINA 
650 1 4 |a EDUCACIÓN MEDIA 
700 1 |a Losada, Alejandro 
700 1 |a Palma de Carpineti, Rosa 
999 |c 3041  |d 3041 
856 |u https://catalogo.idep.edu.co/cgi-bin/koha/opac-detail.pl?biblionumber=3041  |z Enlace del recurso